• 首页
  • 本馆介绍
  • 公告通知
  • 最新文献
  • 馆藏检索
  • 电子资源
  • 读者导购
  • 参考咨询
  • 我的图书馆
  • 登录
  • 详细信息显示
  • 放入我的书架
  • 预约/预借图书
  • 作者相关作品
  • 分类相关作品
  • 丛书相关作品
  • 出版社相关作品

书目信息

  • 表格格式
  • 工作单格式
  • 卡片格式
题名:
历史唯物主义论丛
    
 
作者: ;中国历史唯物主义研究会 编
分册: 第二辑  
出版信息: 北京   清华大学出版社  1984
页数: 276页
开本: 20cm
丛书名:
单 册:
中图分类: B03
科图分类:
主题词: 历史叭唯物主义
电子资源:
ISBN:
000 00638nam0 2200217 45
001 0184001298
005 20060925171512.86
010    @dCNY0.85
091    @a2235.7
100    @a19960215d1984 em y0chiy0121 ea
101 0  @achi
102    @aCN@b110000
105    @ay z 000yy
200 10 @a历史唯物主义论丛@Ali shi wei wu zhu yi lun cong@h第二辑@f中国历史唯物主义研究会编
210    @a北京@c清华大学出版社@d1984
215    @a276页@d20cm
606 0  @a历史叭唯物主义
690    @aB03
711 02 @a中国历史唯物主义研究会@Azhong guo li shi wei wu zhu yi yan jiu hui@4编
801  0 @aCN@bNLC@c20060925
905    @f3@b109868-870@dB03@e11:2
    
    历史唯物主义论丛.第二辑/中国历史唯物主义研究会编.-北京:清华大学出版社,1984
    276页;20cm
    
    
    ISBN :CNY0.85
    
●
相关链接 在E读中查询图书 在五车中查询图书 在当当中查询图书 在豆瓣中查询图书


正题名:历史唯物主义论丛     索取号:B03/11:2         预约/预借

序号 登录号 条形码 馆藏地/架位号 状态 备注
1 0422371   204223713   密集书库/ [索取号:B03/11:2] 在馆    
2 0422372   204223722   密集书库/ [索取号:B03/11:2] 在馆    
3 0422373   204223731   密集书库/ [索取号:B03/11:2] 在馆    
唐山师范学院图书馆 欢迎您!
大连网信软件有限公司© 版权所有